[Event "GRE-chT 46th"]
[Site "Rio Achaia"]
[Date "2018.07.11"]
[Round "3.12"]
[White "Blitsas, Orestis"]
[Black "Laspas, Antonios"]
[Result "1/2-1/2"]
[WhiteElo "1584"]
[BlackElo "1566"]
[PlyCount "91"]
[EventDate "2018.07.10"]
[EventType "team"]
[EventRounds "7"]
[EventCountry "GRE"]
[SourceTitle "CBM 185 Extra"]
[Source "ChessBase"]
[SourceDate "2018.07.29"]
[SourceVersion "1"]
[SourceVersionDate "2018.07.29"]
[SourceQuality "1"]
[WhiteTeam "Alexandropulis Mas National"]
[BlackTeam "You Go You"]
[WhiteTeamCountry "GRE"]
[BlackTeamCountry "GRE"]

1. c4 e5 2. Nc3 Nf6 3. g3 d5 4. cxd5 Nxd5 5. Bg2 Nb6 6. Nf3 Nc6 7. 0-0 Be6 8. a3 Be7 9. b4 a6 10. d3 0-0 11. Bb2 f6 12. Rc1 Rb8 13. Ne4 Bd5 14. Qc2 Be6 15. Rfd1 Qe8 16. Nc5 Bxc5 17. Qxc5 Na4 18. Qc2 Nxb2 19. Qxb2 Bd5 20. b5 axb5 21. Qxb5 Be6 22. e3 Bd7 23. Qc5 Rc8 24. Nd2 Kh8 25. Nb1 Qg6 26. Nc3 Rfd8 27. Nd5 Qf7 28. Qc3 Be6 29. Nb4 Nxb4 30. Qxb4 Bd5 31. Bxd5 Qxd5 32. Rc5 Qd6 33. Qc3 h6 34. Kf1 Ra8 35. Rxc7 Rxa3 36. Qc4 Rxd3 37. Rxd3 Qxd3+ 38. Qxd3 Rxd3 39. Rxb7 Ra3 40. Kg2 h5 41. Rb2 Kh7 42. h4 Kg6 43. Rb7 Ra2 44. Re7 Rb2 45. Kf3 Ra2 46. Kg2 1/2-1/2

[Event "Rhodes Colossus op"]
[Site "Rhodes"]
[Date "2015.09.02"]
[Round "3"]
[White "Laspas, Antonios"]
[Black "Lupulescu, Adrian Calin"]
[Result "0-1"]
[WhiteElo "1380"]
[BlackElo "1976"]
[PlyCount "62"]
[EventDate "2015.09.01"]
[EventType "swiss"]
[EventRounds "9"]
[EventCountry "GRE"]
[SourceTitle "EXT 2017"]
[Source "ChessBase"]
[SourceDate "2016.10.25"]
[SourceVersion "1"]
[SourceVersionDate "2016.10.25"]
[SourceQuality "1"]

1. d4 e6 2. c4 f5 3. g3 d5 4. Nf3 Nf6 5. Bg2 c6 6. c5 b6 7. b4 a5 8. bxa5 bxc5 9. Bd2 cxd4 10. Nxd4 e5 11. Nb3 Bd6 12. Nc3 0-0 13. 0-0 f4 14. Qc1 fxg3 15. fxg3 Ba6 16. Qd1 Bc4 17. Na4 Nbd7 18. Bh3 Qe7 19. Nb2 Ba6 20. Na4 Nc5 21. Naxc5 Bxc5+ 22. Nxc5 Qxc5+ 23. Kg2 Ne4 24. Be1 Rxf1 25. Kxf1 Rf8+ 26. Kg2 Qe3 27. Be6+ Kh8 28. Bg4 Nf2 29. Bxf2 Rxf2+ 30. Kh1 Rxe2 31. Qf1 Rf2 0-1

[Event "Athens Georgiou Memorial 1st"]
[Site "Athens"]
[Date "2015.04.18"]
[Round "6"]
[White "Ypsilantis, Nikolaos"]
[Black "Laspas, Antonios"]
[Result "1-0"]
[WhiteElo "1640"]
[BlackElo "1265"]
[PlyCount "81"]
[EventDate "2015.03.07"]
[EventType "swiss"]
[EventRounds "7"]
[EventCountry "GRE"]
[SourceTitle "EXT 2024"]
[Source "ChessBase"]
[SourceDate "2023.10.10"]
[SourceVersion "1"]
[SourceVersionDate "2023.10.10"]
[SourceQuality "1"]

1. e4 c5 2. Nf3 e6 3. d4 cxd4 4. Nxd4 Nc6 5. Be2 Qc7 6. 0-0 Nf6 7. Nc3 a6 8. Be3 Bb4 9. Nxc6 bxc6 10. f3 Bb7 11. Qd3 0-0 12. a3 Ba5 13. Na4 Qd8 14. Nc5 Qc8 15. Rad1 Rd8 16. Qb3 Rb8 17. Nxb7 Qxb7 18. Rd3 Qxb3 19. cxb3 Bb6 20. Rc1 Bxe3+ 21. Rxe3 Rb6 22. Rc5 Ne8 23. Bc4 Nc7 24. b4 Kf8 25. Rd3 Ke8 26. Kf2 Ra8 27. Ra5 Ke7 28. Rd2 Nb5 29. Bxb5 Rxb5 30. Rxb5 cxb5 31. Rc2 Ra7 32. e5 Kd8 33. Ke3 Rc7 34. Rc5 Kc8 35. Kd4 Rc6 36. Rxc6+ dxc6 37. Kc5 Kc7 38. g4 f6 39. f4 fxe5 40. fxe5 g6 41. g5 1-0

[Event "GRE-chT U16"]
[Site "Patras"]
[Date "2012.12.17"]
[Round "5.4"]
[White "Laspas, Antonios"]
[Black "Kasioumis, Vasilios"]
[Result "1-0"]
[WhiteElo "1266"]
[BlackElo "1335"]
[PlyCount "111"]
[EventDate "2012.12.15"]
[EventType "team"]
[EventRounds "5"]
[EventCountry "GRE"]
[SourceTitle "EXT 2020"]
[Source "ChessBase"]
[SourceDate "2019.10.17"]
[SourceVersion "1"]
[SourceVersionDate "2019.10.17"]
[SourceQuality "1"]

1. d4 d5 2. c4 e6 3. Nf3 Nf6 4. Nc3 c5 5. Bg5 Nc6 6. e3 Bd6 7. cxd5 exd5 8. Nxd5 Be7 9. Nxe7 Qxe7 10. Bb5 0-0 11. Bxc6 bxc6 12. Bxf6 gxf6 13. 0-0 Bg4 14. h3 Bh5 15. dxc5 Qxc5 16. Rc1 Qb5 17. Nd4 Bxd1 18. Nxb5 Be2 19. Nc7 Rac8 20. Rfe1 Bd3 21. Rc3 Be4 22. Na6 Rfd8 23. f3 Bd5 24. Nb4 a5 25. Nxd5 Rxd5 26. Rec1 c5 27. a3 a4 28. e4 Re5 29. Rc4 Rb8 30. R1c2 f5 31. Rxa4 fxe4 32. Rxe4 Rd5 33. Kh2 f5 34. Rec4 Rc8 35. b4 Ra8 36. bxc5 Rxa3 37. c6 Ra8 38. c7 Rc8 39. Rb2 Kf7 40. Rb8 Rxc7 41. Rxc7+ Kg6 42. Rb6+ Kg5 43. Rxh7 Kf4 44. h4 Re5 45. Rb3 Re7 46. Rb4+ Re4 47. fxe4 fxe4 48. Re7 Kf5 49. Rexe4 Kg6 50. Re5 Kf6 51. Ra5 Ke7 52. Rb6 Kd8 53. Ra7 Kc8 54. Rh6 Kb8 55. Rg7 Kc8 56. Rh8# 1-0

[Event "GRE-chT U16"]
[Site "Patras"]
[Date "2012.12.16"]
[Round "3.4"]
[White "Laspas, Antonios"]
[Black "Kyriakidis, Eleftherios"]
[Result "0-1"]
[WhiteElo "1266"]
[BlackElo "1375"]
[PlyCount "110"]
[EventDate "2012.12.15"]
[EventType "team"]
[EventRounds "5"]
[EventCountry "GRE"]
[SourceTitle "EXT 2020"]
[Source "ChessBase"]
[SourceDate "2019.10.17"]
[SourceVersion "1"]
[SourceVersionDate "2019.10.17"]
[SourceQuality "1"]

1. d4 Nf6 2. c4 e6 3. Nf3 Bb4+ 4. Nc3 c5 5. a3 Bxc3+ 6. bxc3 0-0 7. Bg5 d6 8. Bxf6 Qxf6 9. e3 Nc6 10. Bd3 b6 11. 0-0 Ne7 12. Re1 Bb7 13. Be2 Nf5 14. Rb1 Nh4 15. Nxh4 Qxh4 16. Bf3 Bxf3 17. Qxf3 f5 18. Qg3 Qxg3 19. hxg3 Rad8 20. Red1 e5 21. dxe5 dxe5 22. Rxd8 Rxd8 23. Rb2 Rd1+ 24. Kh2 Kf7 25. Rb3 Rf1 26. Rb2 g5 27. Rc2 Ra1 28. a4 Rxa4 29. Rb2 Rxc4 30. Rc2 g4 31. f3 gxf3 32. gxf3 b5 33. Kh3 b4 34. g4 Rxc3 35. Rb2 fxg4+ 36. Kxg4 Rxe3 37. Ra2 Ra3 38. Rh2 Kg6 39. f4 b3 40. fxe5 Ra4+ 41. Kg3 Kf5 42. Rh5+ Ke6 43. Rxh7 Kxe5 44. Rh5+ Kd6 45. Rh6+ Kc7 46. Rh1 b2 47. Rb1 Rb4 48. Kf3 a5 49. Ke3 a4 50. Kd3 a3 51. Kc3 a2 52. Rxb2 a1Q 53. Kc2 Qxb2+ 54. Kd1 Ra4 55. Ke1 Ra1# 0-1

[Event "GRE-chT U16"]
[Site "Patras"]
[Date "2012.12.15"]
[Round "1.4"]
[White "Triantos, Konstantinos"]
[Black "Laspas, Antonios"]
[Result "1/2-1/2"]
[WhiteElo "1401"]
[BlackElo "1266"]
[PlyCount "151"]
[EventDate "2012.12.15"]
[EventType "team"]
[EventRounds "5"]
[EventCountry "GRE"]
[SourceTitle "EXT 2020"]
[Source "ChessBase"]
[SourceDate "2019.10.17"]
[SourceVersion "1"]
[SourceVersionDate "2019.10.17"]
[SourceQuality "1"]

1. e4 d5 2. exd5 Qxd5 3. Nc3 Qa5 4. d4 Nf6 5. Nf3 Bg4 6. Bd2 c6 7. Be2 Nbd7 8. Ng5 Bxe2 9. Qxe2 h6 10. Nce4 Qc7 11. Bb4 Nxe4 12. Nxe4 e6 13. Bxf8 Nxf8 14. c4 0-0-0 15. 0-0-0 Qf4+ 16. Qe3 Qxe3+ 17. fxe3 f5 18. Nc5 b6 19. Nd3 Ng6 20. h4 Kb7 21. c5 b5 22. h5 Ne7 23. Nf4 Nd5 24. Nxe6 Rd7 25. Rhe1 Re8 26. Nf4 Rxe3 27. Nxd5 Rxe1 28. Rxe1 Rxd5 29. Re7+ Ka6 30. Rxg7 Rxd4 31. Rg6 Rc4+ 32. Kd2 Rxc5 33. Rxh6 Rd5+ 34. Ke3 Ka5 35. Rxc6 f4+ 36. Kxf4 Rxh5 37. g4 Rh2 38. b4+ Kxb4 39. Ra6 Kc3 40. g5 Kc2 41. g6 Kb1 42. a3 Ka2 43. Ke5 Rh5+ 44. Kf6 Rh3 45. g7 Rh6+ 46. Kg5 Rxa6 47. g8Q+ Kxa3 48. Qc8 Ra5 49. Qd8 Ka4 50. Qd7 Ka3 51. Qd3+ Ka4 52. Qc2+ Ka3 53. Kf4 b4 54. Ke3 b3 55. Qb1 b2 56. Kd4 Kb3 57. Qd3+ Ka2 58. Qc4+ Ka1 59. Qc3 Ra4+ 60. Kd3 Ra6 61. Kc2 Rc6 62. Qxc6 b1Q+ 63. Kd2 Qb2+ 64. Kd3 Qb1+ 65. Kd2 Qa2+ 66. Kd1 Qb1+ 67. Kd2 Qb4+ 68. Kc2 Qb1+ 69. Kd2 a5 70. Qa4+ Qa2+ 71. Qxa2+ Kxa2 72. Kc2 a4 73. Kc1 a3 74. Kc2 Ka1 75. Kc1 a2 76. Kc2 1/2-1/2